[Event "Warsaw Elo-A"]
[Site "Warsaw"]
[Date "2008.03.06"]
[Round "7"]
[White "Janczarski, Michal"]
[Black "Skrzypczak, Piotr"]
[Result "1-0"]
[WhiteElo "2163"]
[BlackElo "2104"]
[PlyCount "115"]
[EventDate "2008.01.04"]
[EventType "tourn"]
[EventRounds "13"]
[EventCountry "POL"]
[SourceTitle "EXT 2010"]
[Source "ChessBase"]
[SourceDate "2010.11.25"]
[SourceVersion "1"]
[SourceVersionDate "2010.11.25"]
[SourceQuality "1"]

1. c4 g6 2. g3 Bg7 3. Bg2 e5 4. Nc3 d6 5. e3 f5 6. d4 Nc6 7. Nge2 Nf6 8. b4 0-0 9. b5 Ne7 10. 0-0 e4 11. f3 exf3 12. Bxf3 Kh8 13. Nf4 g5 14. Nfd5 Nexd5 15. Nxd5 Be6 16. Qc2 Bxd5 17. cxd5 Qd7 18. Bd2 Rae8 19. Rac1 Ne4 20. Bxe4 fxe4 21. Rxf8+ Rxf8 22. Qxe4 Qxb5 23. g4 Re8 24. Qg2 Re7 25. Rf1 Qc4 26. Rf5 Qxa2 27. Qf2 Kg8 28. Rxg5 Qb1+ 29. Kg2 Qe4+ 30. Qf3 Qc2 31. Qf2 Qe4+ 32. Qf3 Qc2 33. Qf2 Qe4+ 34. Kg3 Rf7 35. Rf5 Qe7 36. Rxf7 Qxf7 37. Qf5 Qe8 38. h4 b6 39. h5 a5 40. Qd3 Qa4 41. Qf5 Qe8 42. Qd3 Qa4 43. Qe4 Qd7 44. g5 Bf8 45. Qe6+ Qxe6 46. dxe6 d5 47. Kf4 Be7 48. e4 a4 49. exd5 b5 50. Ke4 b4 51. Kd3 b3 52. Ba5 Bd6 53. h6 a3 54. Kc3 a2 55. Kb2 Bf4 56. e7 Kf7 57. g6+ hxg6 58. h7 1-0

[Event "Warsaw Elo-A"]
[Site "Warsaw"]
[Date "2008.01.11"]
[Round "2"]
[White "Skrzypczak, Piotr"]
[Black "Przybyla, Kamil"]
[Result "1/2-1/2"]
[WhiteElo "2104"]
[BlackElo "2145"]
[PlyCount "106"]
[EventDate "2008.01.04"]
[EventType "tourn"]
[EventRounds "13"]
[EventCountry "POL"]
[SourceTitle "EXT 2010"]
[Source "ChessBase"]
[SourceDate "2010.11.25"]
[SourceVersion "1"]
[SourceVersionDate "2010.11.25"]
[SourceQuality "1"]

1. d4 Nf6 2. c4 e6 3. Nf3 b6 4. a3 Bb7 5. Nc3 d5 6. cxd5 exd5 7. Qa4+ Qd7 8. Qc2 Be7 9. Bg5 0-0 10. e3 Ne4 11. Bf4 c5 12. Bd3 Qe6 13. 0-0 h6 14. Nb5 Na6 15. Qe2 c4 16. Bc2 Bc6 17. Nc3 Bf6 18. h3 Rac8 19. Ne5 Nxc3 20. bxc3 Bxe5 21. Bxe5 Nc5 22. f3 Ba4 23. Bxa4 Nxa4 24. Qd2 b5 25. Bg3 Qg6 26. Be1 Rfe8 27. Rd1 Qd3 28. Qxd3 cxd3 29. Rxd3 Nb2 30. Rd2 Nc4 31. Ra2 Rxe3 32. a4 bxa4 33. Rxa4 a5 34. Bf2 Rxc3 35. Be1 Rc1 36. Bf2 Nd2 37. Re1 Nb3 38. Ra3 Nxd4 39. Rxa5 Rxe1+ 40. Bxe1 Rd8 41. Kf2 Kh7 42. Ra7 Kg6 43. Bd2 Rd6 44. Be3 Nf5 45. Bd2 Kf6 46. g4 Ne7 47. Bb4 Re6 48. Rd7 d4 49. Bxe7+ Rxe7 50. Rxd4 Ra7 51. Rd5 Ra2+ 52. Kg3 Kg6 53. Rb5 Rc2 1/2-1/2

[Event "Warsaw Elo-A"]
[Site "Warsaw"]
[Date "2008.01.04"]
[Round "1"]
[White "Nguyen, Piotr"]
[Black "Skrzypczak, Piotr"]
[Result "1/2-1/2"]
[WhiteElo "2269"]
[BlackElo "2104"]
[PlyCount "99"]
[EventDate "2008.01.04"]
[EventType "tourn"]
[EventRounds "13"]
[EventCountry "POL"]
[SourceTitle "EXT 2010"]
[Source "ChessBase"]
[SourceDate "2010.11.25"]
[SourceVersion "1"]
[SourceVersionDate "2010.11.25"]
[SourceQuality "1"]

1. f4 d5 2. b3 Nf6 3. Bb2 g6 4. Nf3 Bg7 5. c4 0-0 6. cxd5 Nxd5 7. Bxg7 Kxg7 8. g3 c5 9. Bg2 Nc6 10. 0-0 Bf5 11. Nh4 Bxb1 12. Rxb1 e6 13. Rc1 Qd6 14. a3 Kg8 15. e4 Nde7 16. e5 Qc7 17. Rf2 Qa5 18. Rc4 Rad8 19. Nf3 h6 20. Qc1 Qb6 21. Rxc5 Qxb3 22. h4 Nd4 23. h5 gxh5 24. Nxd4 Rxd4 25. Rc3 Qb6 26. Qd1 Nd5 27. Bxd5 Rxd5 28. Kg2 Rfd8 29. d3 Qe3 30. Qxh5 Rxd3 31. Qg4+ Kh7 32. Rc7 Qe4+ 33. Kh2 R3d7 34. Rxd7 Rxd7 35. Qh5 Qf5 36. Qxf5+ exf5 37. Rb2 Kg6 38. Kh3 b6 39. Rb3 Kg7 40. Rc3 Re7 41. Rc6 Re6 42. Rc7 a6 43. a4 Kg6 44. Ra7 a5 45. Rc7 f6 46. exf6 Rxf6 47. Re7 Rc6 48. Rb7 Rd6 49. Rc7 Re6 50. Rb7 1/2-1/2

[Event "POL-ch U18"]
[Site "Leba"]
[Date "2004.03.27"]
[Round "1"]
[White "Fraczek, Daniel"]
[Black "Skrzypczak, Piotr"]
[Result "1/2-1/2"]
[WhiteElo "2236"]
[BlackElo "2083"]
[PlyCount "88"]
[EventDate "2004.03.27"]
[EventType "swiss"]
[EventRounds "11"]
[EventCountry "POL"]
[SourceTitle "EXT 2005"]
[Source "ChessBase"]
[SourceDate "2004.11.15"]
[SourceVersion "1"]
[SourceVersionDate "2004.11.15"]
[SourceQuality "1"]

1. d4 Nf6 2. c4 g6 3. Nc3 Bg7 4. e4 d6 5. Nf3 0-0 6. Be2 e5 7. d5 a5 8. Bg5 Na6 9. Nd2 h6 10. Bh4 Qe8 11. a3 Bd7 12. b3 h5 13. Rb1 Nh7 14. f3 Bh6 15. Bf2 Nc5 16. 0-0 Qe7 17. b4 axb4 18. axb4 Na4 19. Qc2 Nxc3 20. Qxc3 Ra2 21. Rb2 Rxb2 22. Qxb2 Qg5 23. Rd1 h4 24. Bf1 f5 25. Qc2 Nf6 26. c5 h3 27. g3 f4 28. Qb3 fxg3 29. hxg3 Ng4 30. Be1 Qe3+ 31. Qxe3 Nxe3 32. Rb1 Nxf1 33. Nxf1 Rxf3 34. Bf2 Rc3 35. cxd6 cxd6 36. b5 Rc1 37. Rxc1 Bxc1 38. b6 Bg4 39. Be3 Bxe3+ 40. Nxe3 Bf3 41. Kh2 Bxe4 42. Kxh3 Kf7 43. Kh4 Bf3 44. g4 Be4 1/2-1/2

[Event "POL-chT2 U18"]
[Site "Sielpa"]
[Date "2004.??.??"]
[Round "2"]
[White "Majcher, Marcin"]
[Black "Skrzypczak, Piotr"]
[Result "1/2-1/2"]
[WhiteElo "2050"]
[BlackElo "2110"]
[PlyCount "52"]
[EventDate "2004.??.??"]
[EventType "team"]
[EventRounds "11"]
[EventCountry "POL"]
[SourceTitle "EXT 2007"]
[Source "ChessBase"]
[SourceDate "2006.11.23"]
[SourceVersion "1"]
[SourceVersionDate "2006.11.23"]
[SourceQuality "1"]

1. e4 c5 2. Nc3 d6 3. Nge2 Nf6 4. d4 cxd4 5. Nxd4 a6 6. Be3 e6 7. Be2 Be7 8. 0-0 0-0 9. f4 Qc7 10. Kh1 Nc6 11. Qe1 Bd7 12. Qg3 b5 13. a3 Nxd4 14. Bxd4 Bc6 15. Rae1 Qb7 16. Bd3 b4 17. Nd1 bxa3 18. bxa3 Ne8 19. Nf2 f6 20. Bc4 d5 21. exd5 Bxd5 22. Bd3 Nd6 23. Rb1 Qc6 24. Rb6 Qa4 25. Rb4 Qd7 26. Rd1 Nf5 1/2-1/2

[Event "POL-chT2 U18"]
[Site "Sielpa"]
[Date "2004.??.??"]
[Round "1"]
[White "Skrzypczak, Piotr"]
[Black "Kubit, Tomasz"]
[Result "0-1"]
[WhiteElo "2110"]
[BlackElo "2085"]
[PlyCount "106"]
[EventDate "2004.??.??"]
[EventType "team"]
[EventRounds "11"]
[EventCountry "POL"]
[SourceTitle "EXT 2007"]
[Source "ChessBase"]
[SourceDate "2006.11.23"]
[SourceVersion "1"]
[SourceVersionDate "2006.11.23"]
[SourceQuality "1"]

1. d4 d5 2. Nf3 Nf6 3. c4 e6 4. Nc3 Be7 5. Bf4 0-0 6. e3 Nbd7 7. Bd3 dxc4 8. Bxc4 a6 9. a4 c5 10. dxc5 Bxc5 11. 0-0 Qe7 12. e4 e5 13. Bg5 h6 14. Nd5 Qd6 15. Nxf6+ Nxf6 16. Qxd6 Bxd6 17. Bxf6 gxf6 18. Rfd1 Bc5 19. Rd3 Kh7 20. h3 Rg8 21. Kf1 Be6 22. Bxe6 fxe6 23. Rc1 b6 24. Rd7+ Rg7 25. Rxg7+ Kxg7 26. a5 Kf7 27. axb6 Bxb6 28. Rc6 Rb8 29. Nd2 Bd4 30. b3 a5 31. Rc7+ Kg8 32. Ke2 f5 33. exf5 exf5 34. f3 e4 35. fxe4 fxe4 36. Rc4 e3 37. Rxd4 exd2 38. Rd3 Ra8 39. Rxd2 Rb8 40. Rd3 Rb4 41. Rd6 Kg7 42. Rd3 a4 43. bxa4 Rxa4 44. Rd6 Ra3 45. Kf2 Rb3 46. Re6 Ra3 47. Re3 Ra4 48. Rg3+ Kf6 49. Rf3+ Kg5 50. Rb3 Re4 51. Rb5+ Kg6 52. Rd5 Ra4 53. Rd6+ Kg5 0-1

[Event "POL-chT2 U18"]
[Site "Sielpa"]
[Date "2004.??.??"]
[Round "11"]
[White "Skrzypczak, Piotr"]
[Black "Skawinski, Arkadiusz"]
[Result "0-1"]
[WhiteElo "2110"]
[BlackElo "2095"]
[PlyCount "150"]
[EventDate "2004.??.??"]
[EventType "team"]
[EventRounds "11"]
[EventCountry "POL"]
[SourceTitle "EXT 2007"]
[Source "ChessBase"]
[SourceDate "2006.11.23"]
[SourceVersion "1"]
[SourceVersionDate "2006.11.23"]
[SourceQuality "1"]

1. d4 d5 2. c4 c6 3. Nf3 Nf6 4. Nc3 e6 5. e3 Nbd7 6. Bd3 dxc4 7. Bxc4 b5 8. Bd3 Bb7 9. 0-0 a6 10. a4 b4 11. Ne4 c5 12. Nxf6+ Nxf6 13. a5 cxd4 14. Nxd4 Be7 15. Qa4+ Qd7 16. Bd2 e5 17. Qxd7+ Nxd7 18. Nf5 Bf8 19. Be2 g6 20. Ng3 Bd6 21. Rfc1 Ke7 22. Rc2 h5 23. h4 f5 24. Ra4 b3 25. Rc1 Rhc8 26. Rac4 Rxc4 27. Bxc4 Nc5 28. Bb4 Rc8 29. Rd1 Rb8 30. Ne2 Bc8 31. Nc3 Be6 32. Bxc5 Bxc5 33. Nd5+ Kf7 34. Bxa6 Ra8 35. Bb7 Rxa5 36. Nc7 Ra2 37. Nxe6 Kxe6 38. Bd5+ Ke7 39. Rb1 Ra4 40. Bxb3 Rxh4 41. Rc1 Bd6 42. Bc4 f4 43. exf4 Rxf4 44. Bd3 g5 45. Rc4 Rf8 46. Bg6 h4 47. Bh5 Rb8 48. Rc2 Rb4 49. Be2 Ke6 50. Bc4+ Kf6 51. b3 e4 52. Rd2 Bf4 53. Rd5 Rb8 54. Rd4 Re8 55. Kf1 g4 56. Bd5 Kf5 57. Bc6 Re7 58. Rd5+ Be5 59. Rd7 Re6 60. Bd5 Rh6 61. Rf7+ Bf6 62. Ra7 Bd4 63. Ra4 Ke5 64. Ra5 h3 65. gxh3 gxh3 66. Bf7+ Kf4 67. Rh5 Rf6 68. Rh7 Kg4 69. Rg7+ Kh4 70. Rh7+ Kg5 71. Bd5 Rxf2+ 72. Ke1 e3 73. Rxh3 Bc3+ 74. Kd1 Rd2+ 75. Kc1 Rxd5 0-1

[Event "POL-chT2 U18"]
[Site "Sielpa"]
[Date "2004.??.??"]
[Round "8"]
[White "Stachowiak, Kamil"]
[Black "Skrzypczak, Piotr"]
[Result "1-0"]
[WhiteElo "2275"]
[BlackElo "2110"]
[PlyCount "47"]
[EventDate "2004.??.??"]
[EventType "team"]
[EventRounds "11"]
[EventCountry "POL"]
[SourceTitle "EXT 2007"]
[Source "ChessBase"]
[SourceDate "2006.11.23"]
[SourceVersion "1"]
[SourceVersionDate "2006.11.23"]
[SourceQuality "1"]

1. d4 Nf6 2. c4 g6 3. Nc3 d5 4. Nf3 Bg7 5. Bg5 Ne4 6. cxd5 Nxg5 7. Nxg5 e6 8. Qd2 exd5 9. Qe3+ Kf8 10. Qf4 Bf6 11. h4 Kg7 12. e3 c6 13. Bd3 Be6 14. Nxe6+ fxe6 15. h5 g5 16. h6+ Kf7 17. Qg4 Nd7 18. 0-0 e5 19. Bf5 Nf8 20. dxe5 Bxe5 21. Qh5+ Ng6 22. f4 Bxc3 23. Bxg6+ hxg6 24. fxg5+ 1-0

[Event "Krakow op-B"]
[Site "Krakow"]
[Date "2003.12.30"]
[Round "5"]
[White "Woniak, Katarzyna"]
[Black "Skrzypczak, Piotr"]
[Result "0-1"]
[WhiteElo "1960"]
[BlackElo "2083"]
[PlyCount "74"]
[EventDate "2003.12.27"]
[EventType "swiss"]
[EventRounds "9"]
[EventCountry "POL"]
[SourceTitle "EXT 2006"]
[Source "ChessBase"]
[SourceDate "2005.11.24"]
[SourceVersion "1"]
[SourceVersionDate "2005.11.24"]
[SourceQuality "1"]

1. d4 Nf6 2. c4 g6 3. Nc3 d5 4. Nf3 Bg7 5. Qb3 dxc4 6. Qxc4 0-0 7. e4 Na6 8. Bf4 c5 9. Rd1 cxd4 10. Nxd4 Qb6 11. Qb5 Nxe4 12. Qxb6 axb6 13. Ndb5 Nxc3 14. bxc3 Be6 15. Be2 Rfd8 16. 0-0 Bxa2 17. Nc7 Nxc7 18. Bxc7 Rxd1 19. Rxd1 Bxc3 20. Bxb6 Bb3 21. Rb1 Bd5 22. Rc1 Ra1 23. Rxa1 Bxa1 24. Bc5 e5 25. Kf1 Bc6 26. Bc4 b5 27. Bb3 Bc3 28. Be7 Kg7 29. f3 b4 30. Kf2 f5 31. h4 Be8 32. Ke2 Bf7 33. Bc2 b3 34. Bb1 Bc4+ 35. Ke3 Kf7 36. Bc5 Ke6 37. Ba3 Kd5 0-1

[Event "Krakow op-B"]
[Site "Krakow"]
[Date "2003.12.29"]
[Round "4"]
[White "Skrzypczak, Piotr"]
[Black "Dulat, Michal"]
[Result "1-0"]
[WhiteElo "2083"]
[BlackElo "2000"]
[PlyCount "67"]
[EventDate "2003.12.27"]
[EventType "swiss"]
[EventRounds "9"]
[EventCountry "POL"]
[SourceTitle "EXT 2006"]
[Source "ChessBase"]
[SourceDate "2005.11.24"]
[SourceVersion "1"]
[SourceVersionDate "2005.11.24"]
[SourceQuality "1"]

1. d4 Nf6 2. c4 g6 3. Nc3 Bg7 4. e4 d6 5. Nf3 0-0 6. Be2 c5 7. d5 a6 8. 0-0 Qc7 9. h3 Re8 10. Bf4 Bd7 11. a4 Nh5 12. Bh2 Nf6 13. Qd2 Qc8 14. Qe3 Bxh3 15. gxh3 Qxh3 16. Ng5 Qxe3 17. fxe3 Nbd7 18. Nh3 h5 19. Bf4 Ng4 20. Bxg4 hxg4 21. Nf2 f5 22. exf5 gxf5 23. e4 Bd4 24. exf5 Nf6 25. Kg2 Kf7 26. Rh1 Rg8 27. Nfe4 Nxe4 28. Nxe4 Bxb2 29. Rab1 Bg7 30. Rxb7 Rab8 31. Nxd6+ Kf6 32. Rxb8 Rxb8 33. Ne4+ Kxf5 34. Bxb8 1-0

[Event "Krakow op-B"]
[Site "Krakow"]
[Date "2003.12.27"]
[Round "1"]
[White "Skrzypczak, Piotr"]
[Black "Kaniak, Monika"]
[Result "1-0"]
[WhiteElo "2083"]
[BlackElo "1802"]
[PlyCount "39"]
[EventDate "2003.12.27"]
[EventType "swiss"]
[EventRounds "9"]
[EventCountry "POL"]
[SourceTitle "EXT 2006"]
[Source "ChessBase"]
[SourceDate "2005.11.24"]
[SourceVersion "1"]
[SourceVersionDate "2005.11.24"]
[SourceQuality "1"]

1. d4 c5 2. d5 e5 3. e4 d6 4. Nc3 Be7 5. Be2 Bg5 6. Nf3 Bxc1 7. Qxc1 f5 8. Bb5+ Nd7 9. Ng5 Qe7 10. Ne6 Rb8 11. exf5 Nh6 12. Bd3 Nf6 13. 0-0 c4 14. Bxc4 Nxf5 15. Bb5+ Bd7 16. Qd2 a6 17. Bxd7+ Kxd7 18. Rae1 Nxd5 19. Nc5+ dxc5 20. Qxd5+ 1-0

[Event "Rowy Jantar op-A 11th"]
[Site "Rowy"]
[Date "2002.06.15"]
[Round "8"]
[White "Skrzypczak, Piotr"]
[Black "Kukula, Pawel"]
[Result "1-0"]
[WhiteElo "2100"]
[BlackElo "2217"]
[PlyCount "42"]
[EventDate "2002.06.??"]
[EventType "swiss"]
[EventRounds "8"]
[EventCountry "POL"]
[SourceTitle "EXT 2006"]
[Source "ChessBase"]
[SourceDate "2005.11.24"]
[SourceVersion "1"]
[SourceVersionDate "2005.11.24"]
[SourceQuality "1"]

1. d4 d5 2. c4 Bf5 3. Nc3 e6 4. cxd5 exd5 5. Nf3 Nc6 6. a3 Nf6 7. Bg5 Be7 8. e3 0-0 9. Bd3 Bxd3 10. Qxd3 a6 11. 0-0 h6 12. Bh4 g5 13. Bg3 Qd7 14. Ne5 Qe6 15. f4 Nh5 16. f5 Qd6 17. f6 Bxf6 18. Nxf7 Qe6 19. Nxh6+ Kh8 20. Nf5 Nxg3 21. Nxg3 Ne7 1-0

[Event "Rowy Jantar op-A 11th"]
[Site "Rowy"]
[Date "2002.06.09"]
[Round "2"]
[White "Mikulewicz, Joanna"]
[Black "Skrzypczak, Piotr"]
[Result "1/2-1/2"]
[WhiteElo "2034"]
[BlackElo "2100"]
[PlyCount "63"]
[EventDate "2002.06.??"]
[EventType "swiss"]
[EventRounds "8"]
[EventCountry "POL"]
[SourceTitle "EXT 2006"]
[Source "ChessBase"]
[SourceDate "2005.11.24"]
[SourceVersion "1"]
[SourceVersionDate "2005.11.24"]
[SourceQuality "1"]

1. e4 c5 2. Nc3 Nc6 3. g3 g6 4. Bg2 Bg7 5. Nge2 d6 6. d3 e6 7. Be3 Nd4 8. 0-0 Ne7 9. Qd2 0-0 10. Nc1 Rb8 11. Nd1 b5 12. c3 Ndc6 13. Bh6 b4 14. Bxg7 Kxg7 15. f4 bxc3 16. bxc3 Bd7 17. Ne3 Na5 18. g4 f5 19. Ne2 Qb6 20. exf5 gxf5 21. gxf5 Nxf5 22. Nxf5+ exf5 23. Qe3 Rbe8 24. Qd2 Rb8 25. Qe3 Rfe8 26. Qg3+ Kh8 27. Qg5 Qd8 28. Qxd8 Rbxd8 29. Ng3 Re3 30. Rf3 Rde8 31. Kf2 R3e7 32. Kf1 1/2-1/2